00776 2200253 4500001002100000005001700021008004100038020001800079035002500097041000800122043001200130082001100142090001800153100002000171245013200191250001800323260003700341300003700378500002700415650003100442700002000473850001200493990001700505INLIS00000000000721920150629125930.0 ind  a979-499-247-X a0010-061500000001340 aInd aYOPDYOG a333.71 a333.71bFan B aFANDELI, Chafid aAnalisis Mengenai Dampak Lingkungan Prinsip Dasar Dan Pemapanannya Dalam Pembangunanc/ Chafid Fandeli ; editor, Sugeng Martopo aEd. 3, cet. 1 aYogyakartabLiberty Offsetc2004 axvii, 426 hlm. :bIlus. ;c23 cm aBibliografi : hlm. 426 aAnalisis Dampak Lingkungan aMartopo, Sugeng aYOPDYOG a2184-PK/B.05